Nada / (Registro nro. 60470)
[ vista simple ]
| 000 -CABECERA | |
|---|---|
| Longitud fija campo de control | 00845nam a2200301 a 4500 |
| 003 - • IDENTIFICADOR DELl NÚMERO DE CONTROL | |
| Identificador del número de control | CO-BoRNBP |
| 005 - • FECHA Y HORA DE LA ÚLTIMA TRANSACCIÓN | |
| Fecha y hora de la última transacción | 20260213223532.0 |
| 007 - • CAMPO FIJO DE DESCRIPCIÓN FÍSICA | |
| Campo fijo de descripción física | ta |
| 008 - • CÓDIGOS DE INFORMACIÓN DE LONGITUD FIJA | |
| Códigos de información de longitud fija | 971020s1994 sp gr 000 f spa |
| 020 ## - • NÚMERO INTERNACIONAL NORMALIZADO PARA LIBROS | |
| Número Internacional Normalizado para Libros (ISBN) | 8423309894 |
| 040 ## - FUENTE DE LA CATALOGACIÓN | |
| Centro catalogador de origen | CO-BoBN |
| Lengua de catalogación | spa |
| Centro transcriptor | CO-BoBN |
| 082 ## - • NÚMERO DE LA CLASIFICACIÓN DECIMAL DEWEY | |
| Número de clasificación (R) | 863.64 |
| Número de edición | 20 |
| 084 ## - • Clasificación Local Alfanúmerica PNLB | |
| Número de clasificación | N LAF |
| 100 1# - • PUNTO DE ACCESO PRINCIPAL-NOMBRE DE PERSONA | |
| Nombre de persona | Laforet, Carmen, |
| Fechas asociadas al nombre | 1921-2004 |
| 245 10 - • TITULO PROPIAMENTE DICHO | |
| Título | Nada / |
| Mención de responsabilidad, etc. | Carmen Laforet |
| 250 ## - • MENCIÓN DE EDICIÓN | |
| Mención de edición | 19a. ed. |
| 300 ## - • DESCRIPCIÓN FÍSICA | |
| Extensión | 295 p. ; |
| Dimensiones | 18 cm |
| 336 ## - TIPO DE CONTENIDO | |
| Fuente | rdacontent |
| Término de tipo de contenido | texto |
| Código de tipo de contenido | txt |
| 337 ## - TIPO DE MEDIO | |
| Fuente | rdamedia |
| Nombre del tipo de medio | sin mediación |
| Código del tipo de medio | n |
| 338 ## - TIPO DE SOPORTE | |
| Fuente | rdacarrier |
| Nombre del tipo de soporte | volumen |
| Código del tipo de soporte | nc |
| 490 0# - • MENCIÓN DE SERIE | |
| Mención de serie | Colección destinolibro ; |
| Designación de volumen o secuencia | v. 57 |
| 586 ## - • NOTA DE PREMIOS | |
| Nota de premios | Premio Nadal, 1994 |
| 650 ## - • PUNTO DE ACCESO ADICIONAL DE MATERIA - TÉRMINO DE MATERIA | |
| Término de materia o nombre geográfico como elemento inicial | Novela española |
| Subdivisión cronológica | Siglo XX |
| Fuente del encabezamiento o término | LEMB |
| 930 ## - EQUIVALENCIA O SECCIÓN-REFERENCIA-TÍTULO ENCABEZAMIENTO UNIFORME [LOCAL, CANADA] | |
| T&íacute;tulo uniforme | cjo |
| 942 ## - ENTRADA DE ELEMENTOS AGREGADOS (KOHA) | |
| Fuente de clasificaión o esquema | Dewey Decimal Classification |
| Koha [por defecto] tipo de item | LIbro |
| 949 ## - TRATAMIENTO DE LA INFORMACIÓN LOCAL (OCLC) | |
| a | A 6073 |
| m | D.SAMPER |
| l | LIB/MODER |
| k | LIB/MODER |
| t | LIBRO |
| x | DONACION |
| z | GENERAL |
| r | Y |
| s | Y |
| Perdido | Fuente de clasificación o esquema | Estado Físico | No para préstamo | Forma de adquisición | Localización permanente | Localización actual | Localización en estanterías | Fecha adquisición | Préstamos totales | Signatura completa | Código de barras | Fecha última consulta | Número de copia | Tipo de item de Koha | Note pública |
|---|---|---|---|---|---|---|---|---|---|---|---|---|---|---|---|
| Clasificación Local Facetada | Literatura General | Biblioteca Pública San Juanito - Ernesto Maria Peña Romero | Biblioteca Pública San Juanito - Ernesto Maria Peña Romero | Literatura | 02/13/2026 | N LAF | SJU02518 | 02/13/2026 | Ej.1 | Libro Literatura | Donación Claudia Lucía Castiblanco Pérez |